000 00400nam a2200157Ia 4500
008 230718s9999 xx 000 0 und d
041 _aeng
082 _a423
_bDES
100 _aDeshpande M.K.
245 _aMarathi English Dictionary
260 _c1967
_bSuvichar Prakashan Mandal
300 _a634
365 _cRs.
_b75.00
700 _aDeshpande M.K.
906 _dB:86330-Mar-1995
_cOTH
_b11.25
999 _c293658
_d293658